00321nam a2200109 a 4500008004100000050001600041100002800057245006300085260003200148300002200180350000900202120416s1979 ||||||||||||||||| || u aHJ 9750 Ray aRayburn, Letricia Gayle10aPrinciples of cost accounting with managerial applications aHomewood, Ill.bIrwinc1979 axvi, 838p. : ill. a0.00